Analýza oceňovania dlhových cenných papierov podnikateľskej účtovnej jednotky bakalárska práca

Salvato in:
Dettagli Bibliografici
Autore principale: Ďurišová, Petra
Ente Autore: Fakulta hospodárskej informatiky EU. Katedra účtovníctva a audítorstva
Altri autori: Bednárová, Beáta
Natura: Libro
Lingua:slovacco
Pubblicazione: Bratislava 2015
Tags: Aggiungi Tag
Nessun Tag, puoi essere il primo ad aggiungerne!!

MARC

LEADER 00000nbm a2200000 4500
001 0203711
005 20161212114941.3
041 0 |a slo 
044 |a SK 
245 1 0 |a Analýza oceňovania dlhových cenných papierov podnikateľskej účtovnej jednotky  |b bakalárska práca  |c Petra Ďurišová ; školiteľ: Beáta Bednárová 
264 1 |a Bratislava  |c 2015 
300 |a 42 s. 
100 1 |a Ďurišová, Petra 
700 1 |a Bednárová, Beáta 
710 2 |a Fakulta hospodárskej informatiky EU. Katedra účtovníctva a audítorstva